Účtovné a daňové aspekty voľby právnej formy podnikania v SR diplomová práca

Guardado en:
Detalles Bibliográficos
Autor principal: Trvalcová, Lucia
Autor Corporativo: Fakulta hospodárskej informatiky EU. Katedra účtovníctva a audítorstva
Otros Autores: Solík, Ján
Formato: Libro
Lenguaje:eslovaco
Publicado: Bratislava 2011
Etiquetas: Agregar Etiqueta
Sin Etiquetas, Sea el primero en etiquetar este registro!

MARC

LEADER 00000nbm a2200000 4500
001 0140607
005 20161109101937.5
041 0 |a slo 
044 |a SK 
245 1 0 |a Účtovné a daňové aspekty voľby právnej formy podnikania v SR  |b diplomová práca  |c Lucia Trvalcová ; školiteľ: Ján Solík 
264 1 |a Bratislava  |c 2011 
300 |a 88 s. 
100 1 |a Trvalcová, Lucia 
700 1 |a Solík, Ján 
710 2 |a Fakulta hospodárskej informatiky EU. Katedra účtovníctva a audítorstva